000 00631nam a2200241Ia 4500
003 OSt
005 20221005100124.0
006 a|||||r|||| 00| 0
007 ta
008 221004b |||||||| |||| 00| 0 mar d
024 _a39969
037 _cTextual
040 _aCRL
_cCRL
_bmar
041 _2mar
_amar
082 _aO15,1A2, 155E2.1-3
100 _aArya bharat
_9620759
245 0 _aMoropant samgrah
260 _aPune
_bYashwant chapkhana Inida
_c1946
300 _a662p.
_ccm.
650 _aMAHABHARATA
942 _hO15,1A2, 155E2.1-3
_cTEXL
_2cc
999 _c1004725
_d1004725